Question bank in electronics and communication engineering (Record no. 490593)
[ view plain ]
| 000 -LEADER | |
|---|---|
| fixed length control field | 00393nam a22001457a 4500 |
| 020 ## - INTERNATIONAL STANDARD BOOK NUMBER | |
| International Standard Book Number | 9789350141465 |
| 082 ## - DEWEY DECIMAL CLASSIFICATION NUMBER | |
| Classification number | 621.3 SHA |
| 100 ## - MAIN ENTRY--PERSONAL NAME | |
| Personal name | Sharma Sanjay |
| 245 ## - TITLE STATEMENT | |
| Title | Question bank in electronics and communication engineering |
| 260 ## - PUBLICATION, DISTRIBUTION, ETC. | |
| Place of publication, distribution, etc. | New Delhi |
| Name of publisher, distributor, etc. | S.K.Kataria & Sons |
| Date of publication, distribution, etc. | 2011 |
| 300 ## - PHYSICAL DESCRIPTION | |
| Extent | 993 |
| Other physical details | P.B |
| 650 ## - SUBJECT ADDED ENTRY--TOPICAL TERM | |
| Topical term or geographic name entry element | Electronic Communication |
| 700 ## - ADDED ENTRY--PERSONAL NAME | |
| Personal name | Sanjay Sharma |
| 942 ## - ADDED ENTRY ELEMENTS (KOHA) | |
| Koha item type | Book |
| Withdrawn status | Lost status | Damaged status | Not for loan | Collection code | Permanent Location | Current Location | Shelving location | Date acquired | Source of acquisition | Cost, normal purchase price | Total Checkouts | Full call number | Barcode | Date last seen | Date last checked out | Price effective from | Koha item type |
|---|---|---|---|---|---|---|---|---|---|---|---|---|---|---|---|---|---|
| Central Library (CL) | Central Library (CL) | General Stacks | 01/03/2017 | Allied book company | 789.60 | 2 | 621.3 SHA | SEECS013624 | 01/29/2019 | 01/22/2019 | 01/03/2017 | Book |
